LEADER 00864cam0-2200313---450- 001 990004046200403321 005 20160128160824.0 035 $a000404620 035 $aFED01000404620 035 $a(Aleph)000404620FED01 035 $a000404620 100 $a19990604d1983----km-y0itay50------ba 101 0 $aita 102 $aIT 105 $a--------001yy 200 1 $aSu/per Meneghello$fa cura di Giulio Lepschy 210 $aMilano$cEdizioni di Comunità$d1983 215 $aVIII, 263 p.$d21 cm 225 1 $aSaggi di cultura contemporanea$v144 610 0 $aLetteratura italiana$aSaggi 676 $a854.9$v22$zita 702 1$aLepschy,$bGiulio C.$f<1935- > 801 0$aIT$bUNINA$gRICA$2UNIMARC 901 $aBK 912 $a990004046200403321 952 $a854.9 LEP 1$bBibl.60749$fFLFBC 959 $aFLFBC 996 $aSu$91044673 997 $aUNINA LEADER 01150nam a22002773i 4500 001 991000541949707536 005 20021016084755.0 008 021016s1988 it |||||||||||||||||ita 035 $ab12020102-39ule_inst 035 $aARCHE-010990$9ExL 040 $aDip.to Filologia Ling. e Lett.$bita$cA.t.i. Arché s.c.r.l. Pandora Sicilia s.r.l. 082 04$a458.1 100 1 $aSatta, Luciano$0263173 245 10$aScrivendo & parlando :$busi e abusi della lingua italiana /$cLuciano Satta 260 $aFirenze :$bSansoni,$c1988 300 $a295 p. ;$c19 cm 490 0$aUniversale Sansoni.$pGuide e dizionari 650 4$aLingua italiana$xLessico 650 4$aLingua italiana$xOsservazioni linguistiche 907 $a.b12020102$b28-04-17$c01-04-03 912 $a991000541949707536 945 $aLE008 L.L.I.S M VII 39$g1$i2008000290016$lle008$o-$pE0.00$q-$rn$so $t0$u0$v0$w0$x0$y.i12308584$z01-04-03 945 $aLE008 FL.M. (f.r.) XL 254$g2$i2008000518110$lle008$o-$pE0.00$q-$rn$so $t0$u0$v0$w0$x0$y.i12308596$z01-04-03 996 $aScrivendo & parlando$9132770 997 $aUNISALENTO 998 $ale008$b01-04-03$cm$da $e-$fita$git $h0$i2